000 02823nam a22003617a 4500
005 20111005114135.0
010 _aENG-103878 B-459016-9025
020 _a9788120343054
_c350.00
035 _aEN-87411 B-459016-9025
037 _bDBAD / PUB
037 _bRBC/Ven
082 _a320.50954
100 _aPadhy, K.S.
_945953
245 _aIndian political thought /
_cby K.S. Padhy
260 _aNew Delhi
_bPHI Learning
_c2011
270 _aM-97 Connaught Circus
_bNew Delhi
_e110001
300 _axvi,384p.
_c24cm (pbk)
500 _aIncludes bibliographical references and indexes
700 _924920
942 _2ddc
_cEN
_mSRI
_h320.50954
999 _c57309
_d57309